| 000 | 01200nam a22002897a 4500 | ||
|---|---|---|---|
| 999 |
_c200448369 _d66581 |
||
| 003 | TR-AnTOB | ||
| 005 | 20240112090941.0 | ||
| 007 | ta | ||
| 008 | 220404s2016 tu a|||| |||| 000 0 mul d | ||
| 040 |
_aTR-AnTOB _beng _erda _cTR-AnTOB |
||
| 041 |
_atur _aeng _akur |
||
| 050 | 4 |
_aDS51.D59 _bS575 2016 |
|
| 090 |
_aDS51.D59 _bS575 2016 |
||
| 999 | _aSA 04.04.02022 | ||
| 245 | 1 | 0 |
_aSırlar ve surlar şehri Diyarbakır = _bSecrets and city walls Diyarbakır = Bajarê kela û nepeniyan Diyarbekir / _cfotograflar = photographs = wêne Ramazan Demir ; metin yazarı = copywriter = nivîskarê tekste Pınar Gürhan Kılıç. |
| 246 | 3 | 3 | _aSecrets and city walls Diyarbakır. |
| 246 | 3 | 3 | _aBajarê kela û nepeniyan Diyarbekir. |
| 264 | 1 |
_a[Diyarbakır] : _bDiyarbakır Ticaret Borsası, _c2016. |
|
| 300 |
_a89 pages : _billustrations ; _c27 cm |
||
| 336 |
_atext _btxt _2rdacontent |
||
| 337 |
_aunmediated _bn _2rdamedia |
||
| 338 |
_avolume _bnc _2rdacarrier |
||
| 651 | 7 |
_aDiyarbakır (Türkiye) _xGezi ve tanıtım _2etuturkob _917075 |
|
| 700 |
_aDemir, Ramazan _ephotographer _995089 |
||
| 700 |
_aGürhan Kılıç, Pınar _ewriter of supplementary textual content _9104080 |
||
| 942 |
_2lcc _cBK |
||